[Event "CFriend SL-2005-0-00039 email"]
[Site "Chessfriend.com"]
[Date "2005.11.28"]
[Round "1"]
[White "Konuhov, Kostya"]
[Black "Mori, Roberto"]
[Result "1-0"]
[WhiteElo "1093"]
[BlackElo "1320"]
[PlyCount "41"]
[EventDate "2005.11.28"]
[EventType "tourn (corr)"]
[EventRounds "6"]
[SourceTitle "Corr 2008"]
[Source "ChessBase"]
[SourceDate "2008.06.24"]
[SourceVersion "1"]
[SourceVersionDate "2008.06.24"]
[SourceQuality "1"]

1. d4 d5 2. c4 Nf6 3. cxd5 Nxd5 4. e4 Nf6 5. Nc3 e6 6. Nf3 Bb4 7. Qa4+ Nc6 8. Bg5 0-0 9. e5 h6 10. exf6 hxg5 11. Bb5 gxf6 12. Bxc6 Bxc3+ 13. bxc3 bxc6 14. h4 Qd5 15. hxg5 Qe4+ 16. Kf1 Qd3+ 17. Kg1 Qxc3 18. Qd1 f5 19. Ne5 c5 20. Rc1 Qb2 21. Rh4 1-0

[Event "CFriend SL-2005-0-00037 email"]
[Site "Chessfriend.com"]
[Date "2005.10.13"]
[Round "1"]
[White "Konuhov, Kostya"]
[Black "Croke, Pat"]
[Result "1-0"]
[WhiteElo "1093"]
[BlackElo "836"]
[PlyCount "69"]
[EventDate "2005.??.??"]
[EventType "tourn (corr)"]
[EventRounds "12"]
[SourceTitle "Corr 2008"]
[Source "ChessBase"]
[SourceDate "2008.06.24"]
[SourceVersion "1"]
[SourceVersionDate "2008.06.24"]
[SourceQuality "1"]

1. e4 e5 2. Nf3 Nc6 3. Bb5 Nf6 4. 0-0 Nxe4 5. Qe2 Nf6 6. Re1 Bd6 7. d4 Qe7 8. dxe5 Nxe5 9. Nxe5 0-0 10. Nxd7 Bxd7 11. Qxe7 Bxe7 12. Bxd7 Nxd7 13. Rxe7 Rfe8 14. Rxe8+ Rxe8 15. Be3 b6 16. Nc3 Ne5 17. Nb5 Nc4 18. Nxc7 Rd8 19. Nb5 Nxb2 20. Nxa7 Nc4 21. a4 Nxe3 22. fxe3 g6 23. Rb1 Rd2 24. Rxb6 Rxc2 25. a5 Ra2 26. a6 Kf8 27. Nb5 Kg7 28. a7 Ra1+ 29. Kf2 Kh6 30. Rb8 Ra2+ 31. Kf3 f5 32. a8Q Rxa8 33. Rxa8 Kg5 34. Rf8 h5 35. Nd4 1-0

[Event "CFriend SL-2005-0-00036 email"]
[Site "Chessfriend.com"]
[Date "2005.09.16"]
[Round "1"]
[White "Konuhov, Kostya"]
[Black "Wurm, Tamas"]
[Result "1/2-1/2"]
[WhiteElo "1093"]
[BlackElo "1036"]
[PlyCount "61"]
[EventDate "2005.09.16"]
[EventType "tourn (corr)"]
[EventRounds "6"]
[SourceTitle "Corr 2008"]
[Source "ChessBase"]
[SourceDate "2008.06.24"]
[SourceVersion "1"]
[SourceVersionDate "2008.06.24"]
[SourceQuality "1"]

1. e4 e5 2. Nf3 Nc6 3. Bb5 a6 4. Ba4 Nf6 5. 0-0 Be7 6. Re1 b5 7. Bb3 0-0 8. c3 d5 9. exd5 Nxd5 10. Nxe5 Nxe5 11. Rxe5 c6 12. d4 Bd6 13. Re1 Qh4 14. g3 Qh3 15. Be3 Bg4 16. Qd3 Rae8 17. Nd2 Re6 18. a4 f5 19. Qf1 Qh5 20. f4 bxa4 21. Rxa4 Rfe8 22. Qf2 g5 23. fxg5 f4 24. gxf4 Bh3 25. Bxd5 cxd5 26. Rxa6 Qg4+ 27. Qg3 Rxe3 28. Rxe3 Qd1+ 29. Qe1 Qg4+ 30. Qg3 Qd1+ 31. Qe1 1/2-1/2

[Event "CFriend SL-2005-0-00036 email"]
[Site "Chessfriend.com"]
[Date "2005.09.16"]
[Round "1"]
[White "Schalkwijk, Peter"]
[Black "Konuhov, Kostya"]
[Result "1/2-1/2"]
[WhiteElo "1408"]
[BlackElo "1093"]
[PlyCount "29"]
[EventDate "2005.09.16"]
[EventType "tourn (corr)"]
[EventRounds "6"]
[SourceTitle "Corr 2024"]
[Source "ChessBase"]
[SourceDate "2023.10.19"]
[SourceVersion "1"]
[SourceVersionDate "2023.10.19"]
[SourceQuality "1"]

1. e4 c5 2. Nc3 Nc6 3. g3 d6 4. Bg2 g6 5. d3 Bg7 6. Be3 Rb8 7. Qd2 b5 8. Nge2 Nd4 9. 0-0 e6 10. Nd1 Nxe2+ 11. Qxe2 Ne7 12. Qd2 0-0 13. d4 Qc7 14. f4 Bb7 15. dxc5 1/2-1/2

[Event "CFriend SL-2005-0-00036 email"]
[Site "Chessfriend.com"]
[Date "2005.09.16"]
[Round "1"]
[White "Werhan, Matthew"]
[Black "Konuhov, Kostya"]
[Result "1/2-1/2"]
[WhiteElo "816"]
[BlackElo "1093"]
[PlyCount "135"]
[EventDate "2005.09.16"]
[EventType "tourn (corr)"]
[EventRounds "6"]
[SourceTitle "Corr 2024"]
[Source "ChessBase"]
[SourceDate "2023.10.19"]
[SourceVersion "1"]
[SourceVersionDate "2023.10.19"]
[SourceQuality "1"]

1. d4 Nf6 2. e3 d5 3. c3 g6 4. Bb5+ c6 5. Be2 Bg7 6. c4 dxc4 7. Bxc4 b5 8. Be2 Bf5 9. Nc3 0-0 10. Nf3 b4 11. Na4 Qd6 12. Nh4 Be6 13. Nc5 Nbd7 14. Nxe6 Qxe6 15. 0-0 c5 16. Nf3 Rfd8 17. b3 Nd5 18. a3 Nc3 19. Bc4 Qxc4 20. bxc4 Nxd1 21. Rxd1 a5 22. axb4 cxb4 23. Bd2 Nb6 24. c5 Nc4 25. Be1 b3 26. Rac1 Nb2 27. Rd2 Na4 28. Rb1 Rab8 29. c6 Nc3 30. c7 Nxb1 31. Rb2 a4 32. Rxb1 Rdc8 33. cxb8R Rxb8 34. Nd2 e5 35. dxe5 Bxe5 36. f4 b2 37. Nc4 Bg7 38. e4 Rc8 39. Na3 Rc1 40. Kf2 Rxb1 41. Nxb1 Bf8 42. Bc3 a3 43. Bxb2 axb2 44. Ke3 Bd6 45. e5 Bc5+ 46. Kd3 Bg1 47. h3 Bh2 48. Ke4 h5 49. g4 Kh7 50. Nc3 Bg3 51. gxh5 gxh5 52. f5 Kh6 53. e6 fxe6 54. fxe6 Kg6 55. Kd5 Kf6 56. Nb1 Bh4 57. Kd6 Kf5 58. e7 Bxe7+ 59. Kxe7 Kf4 60. Ke6 Kg3 61. Ke5 Kxh3 62. Kf4 h4 63. Kf3 Kh2 64. Kf2 h3 65. Nd2 Kh1 66. Nb1 Kh2 67. Nd2 Kh1 68. Nb1 1/2-1/2

[Event "IECG QN.2004.0.00308 email"]
[Site "IECG email"]
[Date "2004.01.20"]
[Round "?"]
[White "Dowden, Mike"]
[Black "Konuhov, Kostya"]
[Result "0-1"]
[WhiteElo "800"]
[BlackElo "816"]
[PlyCount "78"]
[EventDate "2004.01.20"]
[EventType "tourn (corr)"]
[EventRounds "6"]
[SourceTitle "Corr 2008"]
[Source "ChessBase"]
[SourceDate "2008.06.24"]
[SourceVersion "1"]
[SourceVersionDate "2008.06.24"]
[SourceQuality "1"]

1. d4 Nf6 2. c4 e6 3. Nc3 c5 4. d5 exd5 5. cxd5 d6 6. e4 g6 7. Bd3 Bg7 8. Nf3 0-0 9. 0-0 Re8 10. Bg5 b6 11. Re1 h6 12. Bf4 g5 13. Be3 a6 14. a4 Nbd7 15. Nd2 Ne5 16. Be2 Neg4 17. Bxg4 Nxg4 18. Qc2 Qe7 19. f3 Nxe3 20. Rxe3 Bd4 21. Nf1 Bd7 22. Ne2 Rec8 23. Qd2 Bxe3+ 24. Nxe3 b5 25. Ng3 Qf6 26. Ngf5 Bxf5 27. Nxf5 b4 28. h4 Kh7 29. hxg5 hxg5 30. g4 Rh8 31. Qh2+ Kg8 32. Qxd6 Qxb2 33. Rf1 Rh3 34. Rf2 Qc1+ 35. Rf1 Rh1+ 36. Kxh1 Qxf1+ 37. Kh2 Qf2+ 38. Kh1 Qxf3+ 39. Kh2 Qf4+ 0-1

[Event "IECG TG-2003-0-14770"]
[Site "IECG email"]
[Date "2003.01.17"]
[Round "1"]
[White "Maillet, Frederic"]
[Black "Konuhov, Kostya"]
[Result "1-0"]
[WhiteElo "800"]
[BlackElo "800"]
[PlyCount "69"]
[EventDate "2003.01.17"]
[EventType "tourn (corr)"]
[EventRounds "6"]
[SourceTitle "Corr 2024"]
[Source "ChessBase"]
[SourceDate "2023.10.19"]
[SourceVersion "1"]
[SourceVersionDate "2023.10.19"]
[SourceQuality "1"]

1. e4 d5 2. exd5 Qxd5 3. Nc3 Qe6+ 4. Be2 g6 5. d4 Nh6 6. Nf3 Bg7 7. 0-0 0-0 8. Bf4 c6 9. Re1 Qd7 10. Qd3 Nf5 11. Rad1 Na6 12. Qc4 b5 13. Qb3 Nxd4 14. Nxd4 Bxd4 15. Bf3 Nc5 16. Qa3 Ne6 17. Be3 Rb8 18. Ne2 c5 19. c3 b4 20. Qb3 Ba6 21. cxd4 c4 22. Qc2 b3 23. axb3 cxb3 24. Qd2 Rfc8 25. d5 Nc5 26. Nf4 Na4 27. Bd4 f6 28. d6 e5 29. Bd5+ Kf8 30. Ne6+ Ke8 31. Bxe5 fxe5 32. Rxe5 Qxd6 33. Qf4 Nc3 34. Nf8+ Kd8 35. Qf7 1-0

[Event "IECG QF.2003.0.00044"]
[Site "IECG email"]
[Date "2002.09.08"]
[Round "2"]
[White "Arauz, Christopher"]
[Black "Konuhov, Kostya"]
[Result "0-1"]
[WhiteElo "837"]
[BlackElo "881"]
[PlyCount "52"]
[EventDate "2003.09.18"]
[EventType "tourn (corr)"]
[EventRounds "6"]
[SourceTitle "Corr 2008"]
[Source "ChessBase"]
[SourceDate "2008.06.24"]
[SourceVersion "1"]
[SourceVersionDate "2008.06.24"]
[SourceQuality "1"]

1. e4 c5 2. Nf3 Nc6 3. d4 cxd4 4. Nxd4 Nf6 5. Be2 Nxe4 6. 0-0 e5 7. Bf3 Nxd4 8. Bxe4 d5 9. c3 dxe4 10. cxd4 Qxd4 11. Nc3 Qxd1 12. Rxd1 Bf5 13. Be3 a6 14. Rd5 f6 15. Rad1 Bb4 16. a3 Bxc3 17. bxc3 Rc8 18. h3 0-0 19. g4 Be6 20. Rd6 Bb3 21. Rc1 Rfd8 22. Rb6 Rd1+ 23. Rxd1 Bxd1 24. Bd2 Rd8 25. Be3 Rd3 26. Rb3 Bxb3 0-1

[Event "IECG QF.2003.0.00044"]
[Site "IECG email"]
[Date "2002.09.08"]
[Round "1"]
[White "Konuhov, Kostya"]
[Black "Arauz, Christopher"]
[Result "1-0"]
[WhiteElo "881"]
[BlackElo "837"]
[PlyCount "35"]
[EventDate "2003.09.18"]
[EventType "tourn (corr)"]
[EventRounds "6"]
[SourceTitle "Corr 2008"]
[Source "ChessBase"]
[SourceDate "2008.06.24"]
[SourceVersion "1"]
[SourceVersionDate "2008.06.24"]
[SourceQuality "1"]

1. e4 c5 2. Nf3 Nc6 3. d4 cxd4 4. Nxd4 d6 5. Nc3 g6 6. Be3 Bg7 7. Qd2 e6 8. Ndb5 Ke7 9. 0-0-0 d5 10. exd5 exd5 11. Nxd5+ Kf8 12. Bc5+ Nge7 13. Nxe7 Qxd2+ 14. Rxd2 Bh6 15. Nxc6+ Kg7 16. Nc7 Bxd2+ 17. Kxd2 bxc6 18. Nxa8 1-0

[Event "IECG QF.2003.0.00044"]
[Site "IECG email"]
[Date "2002.09.08"]
[Round "1"]
[White "Konuhov, Kostya"]
[Black "Paas, Christian"]
[Result "0-1"]
[WhiteElo "881"]
[BlackElo "800"]
[PlyCount "136"]
[EventDate "2003.09.18"]
[EventType "tourn (corr)"]
[EventRounds "6"]
[SourceTitle "Corr 2008"]
[Source "ChessBase"]
[SourceDate "2008.06.24"]
[SourceVersion "1"]
[SourceVersionDate "2008.06.24"]
[SourceQuality "1"]

1. e4 e5 2. Nf3 Nc6 3. Bb5 a6 4. Ba4 b5 5. Bb3 Nf6 6. 0-0 Be7 7. Re1 d6 8. c3 0-0 9. h3 Na5 10. Bc2 c5 11. d4 Qc7 12. Nbd2 cxd4 13. cxd4 Bb7 14. Nf1 h6 15. d5 Bd8 16. Bd3 Rc8 17. b4 Nc4 18. a4 Qd7 19. axb5 axb5 20. Ne3 Bb6 21. Nf5 Ra8 22. Rxa8 Rxa8 23. Qe2 Qc7 24. Be3 Nxe3 25. fxe3 Ra4 26. Qb2 Qd7 27. Bc2 Ra8 28. g4 h5 29. g5 Nh7 30. Bd3 g6 31. Bxb5 Qxb5 32. Nxd6 Qd7 33. Nxb7 Qxb7 34. Qxe5 Qd7 35. Qh2 Re8 36. Nd2 Nxg5 37. Qg2 Nxh3+ 38. Kh1 Bc7 39. Rc1 Bd6 40. Rc4 Ra8 41. Nf1 Ra1 42. Rc2 Bxb4 43. Rb2 Bd6 44. Ra2 Rxa2 45. Qxa2 Qg4 46. Qg2 Qxe4 47. Qxe4 Nf2+ 48. Kg2 Nxe4 49. Kf3 f5 50. Kg2 g5 51. Kh1 h4 52. Kg1 g4 53. Kg2 h3+ 54. Kh1 Nf2+ 55. Kg1 g3 56. e4 fxe4 57. Nxg3 Bxg3 58. d6 h2+ 59. Kg2 h1Q+ 60. Kxg3 Qh3+ 61. Kxf2 Kg7 62. d7 Qxd7 63. Ke3 Qd3+ 64. Kf2 e3+ 65. Kf3 e2+ 66. Kf2 Kf6 67. Ke1 Qe4 68. Kd2 e1Q# 0-1